| 000 | 00395nam a2200157Ia 4500 | ||
|---|---|---|---|
| 008 | 230917s9999||||xx |||||||||||||| ||und|| | ||
| 020 | _cRS250 | ||
| 040 |
_e3343 _aMAIN |
||
| 041 | _aEnglish | ||
| 082 | _a352.054 S64L | ||
| 100 | _aSingh, S S | ||
| 245 | 0 | _aLegislative framework of panchayat raj in India | |
| 260 |
_aNew Delhi _bIntellectual _c1993 |
||
| 300 | _axiii, 295 p. | ||
| 942 | _cBK | ||
| 999 |
_c76295 _d76295 |
||